| 000 | 00422nam a2200145Ia 4500 | ||
|---|---|---|---|
| 008 | 230917s9999||||xx |||||||||||||| ||und|| | ||
| 040 |
_e72706 _aMAIN |
||
| 041 | _aEnglish | ||
| 082 | _a658 C738C | ||
| 245 | 0 | _aCompany administration handbook: a working companion for general management and the company secretary | |
| 250 | _a4th ed. | ||
| 260 |
_aGreat Britain _bGower _c1980 |
||
| 300 | _axxiii, 802 p. | ||
| 942 | _cBK | ||
| 999 |
_c221538 _d221538 |
||